| 000 | 00697nam a2200241 a 4500 | ||
|---|---|---|---|
| 001 | 10107 | ||
| 003 | CO-ViMGA | ||
| 008 | 141112s2004 ck r 000 u spa d | ||
| 020 | _a9581401784 | ||
| 040 |
_aCO-ViMGA _bspa _cCO-ViMGA |
||
| 082 | 0 | 4 | _a332.401 B71o |
| 100 | 1 |
_aBrand ; Salvador Osvaldo, _912865 |
|
| 245 | 1 | 0 | _aEl Origen LatinoAméricano de las teorias de las monedas y la inflación |
| 250 | _a1 | ||
| 260 |
_aSantafé de Bogotá : _bPlaza y Janes Editores Colombia, _c1987 |
||
| 300 | _a175p. | ||
| 650 | 1 | 4 |
_aAmérica LATINA _948549 |
| 650 | 1 | 4 | _aINFLACION |
| 650 | 1 | 4 |
_aMONEDA _912866 |
| 650 | 1 | 4 |
_aPolíticaS MONETARIAS _912867 |
| 650 | 1 | 4 |
_aTEORIAS _912868 |
| 942 |
_2ddc _cBK |
||
| 999 |
_c21480 _d21480 |
||